El tipo de culpabilidad en el código penal: una visión sistemática, normativa y positiva

Saved in:
Bibliographic Details
Main Author: Prambs Julián, Claudio Javier (Author)
Format: Book
Language:Spanish
Published: Valparaíso Prolibros 2015
Edition:2a. ed
Subjects:
Tags: Add Tag
No Tags, Be the first to tag this record!

MARC

LEADER 00000cam a2200000 a 4500
001 UCD2369
003 CL-VaPUC
008 160421e20150000cl |||||||||||||||||spa|d
020 |a 9789569623011 
082 0 4 |a 345.8304  |b PRA  |2 21 
100 0 |a Prambs Julián, Claudio Javier  |e author  |9 585706 
245 1 3 |a El tipo de culpabilidad en el código penal: una visión sistemática, normativa y positiva 
250 |a 2a. ed 
300 |a 213 p 
942 |c BK 
945 |d 20160421 23:07:00  |a arojas 
260 |a Valparaíso  |b Prolibros  |c 2015 
650 0 |a Penas   |9 255927 
650 7 |a CULPABILIDAD  |2 CL-VaPUC  |9 351694 
650 7 |a DERECHO PENAL CHILENO  |2 CL-VaPUC  |9 585707 
650 0 |a Culpabilidad penal   |9 460733 
583 |a last modification  |c 20160421 23:07:00  |k Rodrigo Vera 
999 |c 363531  |d 363529 
952 |0 0  |1 0  |3 erb  |4 0  |6 345_830400000000000_PRA_2015  |7 0  |8 A  |9 475989  |a BIBDER  |b BIBDER  |i 528323K  |l 1  |o 345.8304 PRA 2015  |p 528323K  |r 2024-09-02  |s 2024-09-02  |w 2019-11-24  |y BK  |z Catalogado en:20160421  |k DER